| 000 | 00767cam a2200301 4500 | ||
|---|---|---|---|
| 008 | 090401t1994 xxu||||| |||| 00| 0 eng d | ||
| 020 | _a0582231396 | ||
| 035 | _a(Sirsi) u25850 | ||
| 041 | _aeng | ||
| 050 | _a696 | ||
| 100 | _aHall, Fred | ||
| 245 | _aBuilding services and equipment. Volume 3. | ||
| 250 | _a3rd ed. | ||
| 260 |
_aHarlow, Essex _bLongman Scientific & Technical _c1994 |
||
| 300 | _a141p. : ill. ; 30cm. | ||
| 350 | _a16.99 | ||
| 650 |
_aBlock management _96220 |
||
| 650 | _aDRAINAGE | ||
| 650 | _aELECTRICAL INSTALLATIONS | ||
| 650 | _aGAS INSTALLATION | ||
| 650 | _aHEATING | ||
| 650 | _aPIPE-SIZING | ||
| 650 | _aVENTILATION | ||
| 650 | _aWATER | ||
| 690 |
_aBlock management _96220 |
||
| 942 | _n0 | ||
| 948 | _c04/03/1997 | ||
| 999 |
_c88813 _d88813 |
||